Catalog

Record Details

Catalog Search



Seelsorge im Vollzug / Eduard Thurneysen Cover Image Book Book

Seelsorge im Vollzug / Eduard Thurneysen

Record details

  • Physical Description: 253 s.; 24 cm.
  • Publisher: Zürich : EVZ-Verlag , (1968).
Subject: Pastoral theology.

Available copies

  • 1 of 1 copy available at Common Catalog SPOK.

Holds

  • 0 current holds with 1 total copy.
Show Only Available Copies
Location Call Number / Copy Notes Barcode Shelving Location Status Due Date
ETS Library 253.5 424470014810 Volný výběr Available -

LDR 00751cam a2200253ua 4500
00142144
003CZ-PrJAB
00520160807112313.0
008840808s1968 sz e 000 0 ger
010 . ‡a 70378593
035 . ‡a(CONS)12174
035 . ‡9(DLC) 70378593
040 . ‡aDLC ‡cCarP ‡dDLC
05000. ‡aBV4011 ‡b.T48
082 . ‡a253.5
1001 . ‡aThurneysen, Eduard, ‡d1888-1974.
24510. ‡aSeelsorge im Vollzug / Eduard Thurneysen
260 . ‡aZürich : ‡bEVZ-Verlag , ‡c(1968).
300 . ‡a253 s.; ‡c24 cm.
650 0. ‡aPastoral theology.
8524 . ‡bETS ‡bETS ‡cVolný výběr ‡j253.5 ‡p424470014810 ‡y$50.00
906 . ‡a0 ‡bcbc ‡cpremunv ‡du ‡encip ‡f19 ‡gy-gencatlg
910 . ‡aABG450
991 . ‡bc-GenColl ‡hBV4011 ‡i.T48 ‡tCopy 1 ‡wPREM
999 . ‡a12174 ‡c12174 ‡tbiblio
905 . ‡uadmin
901 . ‡a42144 ‡b ‡c42144 ‡tbiblio ‡sets

Additional Resources